Arithmetic and calculators : (Record no. 180316)
[ view plain ]
| 000 -LEADER | |
|---|---|
| fixed length control field | 01154 a2200229 4500 |
| 003 - CONTROL NUMBER IDENTIFIER | |
| control field | NUST |
| 005 - DATE AND TIME OF LATEST TRANSACTION | |
| control field | 20221116132150.0 |
| 010 ## - LIBRARY OF CONGRESS CONTROL NUMBER | |
| LC control number | 77011111 |
| 020 ## - INTERNATIONAL STANDARD BOOK NUMBER | |
| International Standard Book Number | 0716700166. |
| -- | 0716700158 |
| 040 ## - CATALOGING SOURCE | |
| Transcribing agency | Nust |
| 082 00 - DEWEY DECIMAL CLASSIFICATION NUMBER | |
| Classification number | 513.0285,CHI |
| 100 1# - MAIN ENTRY--PERSONAL NAME | |
| Personal name | Chinn, William G. |
| 9 (RLIN) | 102694 |
| 245 10 - TITLE STATEMENT | |
| Title | Arithmetic and calculators : |
| Remainder of title | how to deal with arithmetic in the calculator age / |
| Statement of responsibility, etc. | William G. Chinn, Richard A. Dean, Theodore N. Tracewell. |
| 260 ## - PUBLICATION, DISTRIBUTION, ETC. | |
| Place of publication, distribution, etc. | San Francisco : |
| Name of publisher, distributor, etc. | W. H. Freeman, |
| Date of publication, distribution, etc. | c1978. |
| 300 ## - PHYSICAL DESCRIPTION | |
| Extent | vii, 488 p. : |
| Other physical details | ill. ; |
| Dimensions | 25 cm. |
| 505 ## - FORMATTED CONTENTS NOTE | |
| Formatted contents note | Counting and Decimal Notation (Page-7), Getting Started on Your Calculator (Page-17), Addition and Subtraction with Number (Page-51), Multiplication and Division of Decimal number (Page-79), Geometric Application (Page-137), Negative Number(Page-179), Power Exponents(Page-193), Rational Number (Page-219), Percent and Interest (Page-257), Rates , rations (Page-301), More About Integers (Page-355), Roots(Page-409). |
| 650 #0 - SUBJECT ADDED ENTRY--TOPICAL TERM | |
| Topical term or geographic name entry element | Arithmetic. |
| 9 (RLIN) | 39162 |
| 650 #0 - SUBJECT ADDED ENTRY--TOPICAL TERM | |
| Topical term or geographic name entry element | Calculators. |
| 9 (RLIN) | 40498 |
| 700 1# - ADDED ENTRY--PERSONAL NAME | |
| Personal name | Dean, Richard A., |
| 9 (RLIN) | 102695 |
| 700 1# - ADDED ENTRY--PERSONAL NAME | |
| Personal name | Tracewell, Theodore N., |
| 9 (RLIN) | 102696 |
| 942 ## - ADDED ENTRY ELEMENTS (KOHA) | |
| Source of classification or shelving scheme | |
| Koha item type | Book |
| Call number prefix | 513.0285,CHI |
| Withdrawn status | Lost status | Source of classification or shelving scheme | Damaged status | Not for loan | Permanent Location | Current Location | Shelving location | Date acquired | Full call number | Barcode | Date last seen | Price effective from | Koha item type | Public note |
|---|---|---|---|---|---|---|---|---|---|---|---|---|---|---|
| Military College of Signals (MCS) | Military College of Signals (MCS) | General Stacks | 12/12/2016 | 513.0285,CHI | MCS7206 | 12/08/2016 | 12/12/2016 | Book | Almirah No.11, Shelf No.5 |
